| 000 | 00000nam 2200000za 4500 |
| 001 | 9.843892 |
| 003 | CaOODSP |
| 005 | 20221107152627 |
| 007 | cr ||||||||||| |
| 008 | 170918s1941 onc |o f|0| 0 eng d |
| 040 | |aCaOODSP|beng |
| 043 | |an-cn--- |
| 086 | 1 |aCS62-D-92/1941E-PDF |
| 245 | 00|aReview of living costs in Canada, August 1939 to 1941 |h[electronic resource]. |
| 260 | |a[Ottawa] : |bDominion Bureau of Statistics, |c[1941]. |
| 300 | |a2 p. |
| 500 | |aDigitized edition from print [produced by Statistics Canada]. |
| 500 | |aCaption title. |
| 520 | |a"As announced some days ago, the Dominion Bureau of Statistics cost of living index for Canada has risen 12.8 per cent, between August, 1939 and August, 1941"--p. 1. |
| 692 | 07|2gccst|aEconomic conditions |
| 710 | 1 |aCanada. |bDominion Bureau of Statistics. |bInternal Trade Branch. |
| 710 | 1 |aCanada. |bDepartment of Trade and Commerce. |
| 856 | 40|qPDF|s633 KB|uhttps://publications.gc.ca/collections/collection_2017/statcan/CS62-D-92-1941-eng.pdf |
| 986 | |a62-D-103 |